Statistics for European City to Country #15

Click here to take the quiz!

General Stats

  • This quiz has been taken 55 times
  • The average score is 12 of 14

Answer Stats

European CityEuropean Countries% Correct
BathUnited Kingdom
100%
VersaillesFrance
98%
ÅlesundNorway
91%
SlagelseDenmark
89%
ToledoSpain
89%
MariborSlovenia
89%
MariehamnFinland
85%
DnieproUkraine
85%
KarlskronaSweden
83%
PatrasGreece
81%
ValjevoSerbia
79%
Veliko TărnovoBulgaria
72%
ZenicaBosnia and Herzegovina
66%
BudvaMontenegro
55%

Score Distribution

Percentile by Number Answered

Percent of People with Each Score

Your Score History

You have not taken this quiz